00506nam a2200181Ia 4500999001700000003000400017005001700021008004100038040000900079082002300088100002400111245006000135250001200195260004700207300000900254650000800263942005300271 c35933d35933OSt20201209122022.0190216s9999||||xx |||||||||||||| ||und|| coclc a342.5483068bSUG/L aSugathan, N 97344 0aLaw Relating To Civil Services In Kerala /cN Sugathan a4th Ed. bKerala Law Publishers,c1987.aErnamkulam: a405p aLaw cREF2ddch342.5483068iSUG/Lk342.5483068mSUG/L